000 00731nam a2200181 a 4500
001 000046251
005 20240315111350.0
008 150710s2004 dr 000 0 spa d
040 _aDO-SdBNP
_bspa
_cBNPHU
082 _axxxx
_bxxxx
100 1 _aBlandino, Pedro
_961621
245 1 0 _aNicaragua :
_baños de guerra y paz y la presencia dominicana (1987-1989) /
_cPedro Blandino ; prólogo Víctor Gómez Bergés.
246 1 0 _aNicaragua, años de guerra y paz
260 _aSanto Domingo :
_bCentenario,
_c2004.
300 _a310 p. ;
_c23 cm.
710 2 2 _aRepública Dominicana.
_bSecretaría de Estado de Relaciones Exteriores, Escuela Diplomática y Consular
_92252
700 1 2 _aGómez Bergés, Víctor,
_d1940-2023
_epról.
_917774
999 _c45740
_d45740